Estatutos para la Caja de Socorros para la Invalidez / Sociedad de Panaderos 'La Espiga' de Barcelona
Descripción Física:
8 p. ; 16 cm
Otros Autores:
Caja de Socorros para la Invalidez
MARC
| LEADER | 00000nam a2200000Ia 4500 | ||
|---|---|---|---|
| 001 | 23409 | ||
| 008 | 160829s1915 xx 000 0 cat d | ||
| 080 | |a RF-16-61 | ||
| 100 | |a Sociedad de Panaderos 'La Espiga' de Barcelona |9 48801 | ||
| 245 | |a Estatutos para la Caja de Socorros para la Invalidez / Sociedad de Panaderos 'La Espiga' de Barcelona | ||
| 260 | |a Barcelona : |b Imprenta de José Rosell, |c 1915 | ||
| 300 | |a 8 p. ; |c 16 cm | ||
| 590 | |a Prové de 2783, exp. 3 | ||
| 650 | |a Sociedad de Panaderos 'La Espiga' de Barcelona |x Estatuts |9 48802 | ||
| 650 | |a Caja de Socorros para la Invalidez |9 48803 | ||
| 700 | |a Caja de Socorros para la Invalidez |9 48803 | ||
| 856 | 4 | |u https://media.diba.cat/diba/fitxers/arxiu/fulletons/bib_23409_1915_baixa.pdf |y Accés lliure | |
| 856 | 4 | |u https://media.diba.cat/diba/fitxers/arxiu/fulletons/bib_23409_1915_baixa.pdf |y Accés lliure | |
| 901 | |a Arxiu | ||
| 942 | |n 1 |2 udc | ||
| 952 | |0 0 |1 0 |4 0 |6 RF1661 |7 1 |9 54865 |a Arxiu |b Arxiu |d 2012-03-08 |l 0 |o RF-16-61 |p 23409 |r 2016-12-01 00:00:00 |w 2016-12-01 |y ARXIU | ||
| 999 | |c 58735 |d 58735 | ||
| 900 | |a bib_23409_1915_baixa.pdf | ||